000 004470000a22001690004500
041 0 _aSPA
082 0 4 _aG 253.4 F8251e
100 1 _aFranco, Sergio
245 1 0 _aEvangelismo : Un concepto en revolución / Sergio Franco
260 _aKansas, Missouri, USA : Casa Nazarena
300 _a144 Pag
001 6344
942 _cBK
999 _c36617
_d36617
336 _atexto
_btxt
_2rdacontent
337 _2rdamedia
_asin mediación
_bn
338 _2rdacarrier
_avolumen
_bnc